<?xml version="1.0" encoding="UTF-8"?>
<collection xmlns="http://www.loc.gov/MARC21/slim">
 <record>
  <leader>06042cam a2200937 c 4500</leader>
  <controlfield tag="001">352652152</controlfield>
  <controlfield tag="003">DE-627</controlfield>
  <controlfield tag="005">20260421170705.0</controlfield>
  <controlfield tag="007">tu</controlfield>
  <controlfield tag="008">020816s2002    gw |||||      00| ||ger c</controlfield>
  <datafield tag="015" ind1=" " ind2=" ">
   <subfield code="a">02,N35,0748</subfield>
   <subfield code="2">dnb</subfield>
  </datafield>
  <datafield tag="015" ind1=" " ind2=" ">
   <subfield code="a">03,A01,1465</subfield>
   <subfield code="2">dnb</subfield>
  </datafield>
  <datafield tag="016" ind1="7" ind2=" ">
   <subfield code="a">964970791</subfield>
   <subfield code="2">DE-101</subfield>
  </datafield>
  <datafield tag="020" ind1=" " ind2=" ">
   <subfield code="a">3422063870</subfield>
   <subfield code="9">3-422-06387-0</subfield>
  </datafield>
  <datafield tag="035" ind1=" " ind2=" ">
   <subfield code="a">(DE-627)352652152</subfield>
  </datafield>
  <datafield tag="035" ind1=" " ind2=" ">
   <subfield code="a">(DE-603)106556592</subfield>
  </datafield>
  <datafield tag="035" ind1=" " ind2=" ">
   <subfield code="a">(DE-576)101394802</subfield>
  </datafield>
  <datafield tag="035" ind1=" " ind2=" ">
   <subfield code="a">(DE-599)GBV352652152</subfield>
  </datafield>
  <datafield tag="035" ind1=" " ind2=" ">
   <subfield code="a">(OCoLC)1532598390</subfield>
  </datafield>
  <datafield tag="035" ind1=" " ind2=" ">
   <subfield code="a">(OCoLC)216833122</subfield>
  </datafield>
  <datafield tag="035" ind1=" " ind2=" ">
   <subfield code="a">(OCoLC)314287922</subfield>
  </datafield>
  <datafield tag="040" ind1=" " ind2=" ">
   <subfield code="a">DE-627</subfield>
   <subfield code="b">ger</subfield>
   <subfield code="c">DE-627</subfield>
   <subfield code="e">rakwb</subfield>
  </datafield>
  <datafield tag="041" ind1=" " ind2=" ">
   <subfield code="a">ger</subfield>
  </datafield>
  <datafield tag="044" ind1=" " ind2=" ">
   <subfield code="c">XA-DE</subfield>
  </datafield>
  <datafield tag="084" ind1=" " ind2=" ">
   <subfield code="a">46</subfield>
   <subfield code="2">sdnb</subfield>
  </datafield>
  <datafield tag="084" ind1=" " ind2=" ">
   <subfield code="a">9,11</subfield>
   <subfield code="a">9,10</subfield>
   <subfield code="2">ssgn</subfield>
  </datafield>
  <datafield tag="084" ind1=" " ind2=" ">
   <subfield code="a">LH 78240</subfield>
   <subfield code="2">rvk</subfield>
   <subfield code="0">(DE-625)rvk/95052:</subfield>
  </datafield>
  <datafield tag="084" ind1=" " ind2=" ">
   <subfield code="a">LH 61220</subfield>
   <subfield code="2">rvk</subfield>
   <subfield code="0">(DE-625)rvk/94220:</subfield>
  </datafield>
  <datafield tag="084" ind1=" " ind2=" ">
   <subfield code="a">LK 92320</subfield>
   <subfield code="2">rvk</subfield>
   <subfield code="0">(DE-625)rvk/98834:</subfield>
  </datafield>
  <datafield tag="084" ind1=" " ind2=" ">
   <subfield code="a">LK 92310</subfield>
   <subfield code="2">rvk</subfield>
   <subfield code="0">(DE-625)rvk/98833:</subfield>
  </datafield>
  <datafield tag="084" ind1=" " ind2=" ">
   <subfield code="a">LH 46170</subfield>
   <subfield code="2">rvk</subfield>
   <subfield code="0">(DE-625)rvk/93609:</subfield>
  </datafield>
  <datafield tag="084" ind1=" " ind2=" ">
   <subfield code="a">21.82</subfield>
   <subfield code="2">bkl</subfield>
  </datafield>
  <datafield tag="084" ind1=" " ind2=" ">
   <subfield code="a">21.81</subfield>
   <subfield code="2">bkl</subfield>
  </datafield>
  <datafield tag="130" ind1="0" ind2=" ">
   <subfield code="a">Kongress 'Schön und Gut' im Siemens Forum</subfield>
  </datafield>
  <datafield tag="245" ind1="1" ind2="0">
   <subfield code="a">Schön und gut</subfield>
   <subfield code="b">Positionen des Gestaltens seit 1850 ; [zugleich der Tagungsband des gleichnamigen Symposiums, das am 21. und 22. September 2001 im SiemensForum München stattfand]</subfield>
   <subfield code="c">hrsg. vom Zentralinstitut für Kunstgeschichte und dem Bayerischen Kunstgewerbeverein e.V. Konzipiert und bearb. von Christoph Hölz</subfield>
  </datafield>
  <datafield tag="263" ind1=" " ind2=" ">
   <subfield code="a">Gb. : EUR 49.00, sfr 81.90</subfield>
  </datafield>
  <datafield tag="264" ind1=" " ind2="1">
   <subfield code="a">München</subfield>
   <subfield code="a">Berlin</subfield>
   <subfield code="b">Dt. Kunstverl.</subfield>
   <subfield code="c">2002</subfield>
  </datafield>
  <datafield tag="300" ind1=" " ind2=" ">
   <subfield code="a">271 Seiten</subfield>
   <subfield code="b">Illustrationen</subfield>
   <subfield code="c">28 cm</subfield>
  </datafield>
  <datafield tag="336" ind1=" " ind2=" ">
   <subfield code="a">Text</subfield>
   <subfield code="b">txt</subfield>
   <subfield code="2">rdacontent</subfield>
  </datafield>
  <datafield tag="337" ind1=" " ind2=" ">
   <subfield code="a">ohne Hilfsmittel zu benutzen</subfield>
   <subfield code="b">n</subfield>
   <subfield code="2">rdamedia</subfield>
  </datafield>
  <datafield tag="338" ind1=" " ind2=" ">
   <subfield code="a">Band</subfield>
   <subfield code="b">nc</subfield>
   <subfield code="2">rdacarrier</subfield>
  </datafield>
  <datafield tag="490" ind1="1" ind2=" ">
   <subfield code="a">Schriftenreihe des Bayerischen Kunstgewerbe-Vereins e.V.</subfield>
   <subfield code="v">32</subfield>
  </datafield>
  <datafield tag="583" ind1="1" ind2=" ">
   <subfield code="a">Archivierung/Langzeitarchivierung gewährleistet</subfield>
   <subfield code="f">SSG</subfield>
   <subfield code="x">XA-DE-BW</subfield>
   <subfield code="2">pdager</subfield>
   <subfield code="5">DE-16</subfield>
  </datafield>
  <datafield tag="648" ind1=" " ind2="7">
   <subfield code="a">Geschichte 1850-2000</subfield>
   <subfield code="2">gnd</subfield>
  </datafield>
  <datafield tag="650" ind1="0" ind2="7">
   <subfield code="0">(DE-588)4073883-8</subfield>
   <subfield code="0">(DE-627)104476257</subfield>
   <subfield code="0">(DE-576)209191740</subfield>
   <subfield code="a">Kunsthandwerk</subfield>
   <subfield code="2">gnd</subfield>
  </datafield>
  <datafield tag="650" ind1=" " ind2="4">
   <subfield code="a">München</subfield>
  </datafield>
  <datafield tag="651" ind1=" " ind2="7">
   <subfield code="0">(DE-588)4011882-4</subfield>
   <subfield code="0">(DE-627)104704861</subfield>
   <subfield code="0">(DE-576)208896155</subfield>
   <subfield code="a">Deutschland</subfield>
   <subfield code="2">gnd</subfield>
  </datafield>
  <datafield tag="655" ind1=" " ind2="7">
   <subfield code="a">Konferenzschrift</subfield>
   <subfield code="0">(DE-588)1071861417</subfield>
   <subfield code="0">(DE-627)826484824</subfield>
   <subfield code="0">(DE-576)433375485</subfield>
   <subfield code="2">gnd-content</subfield>
  </datafield>
  <datafield tag="655" ind1=" " ind2="7">
   <subfield code="a">Aufsatzsammlung</subfield>
   <subfield code="0">(DE-588)4143413-4</subfield>
   <subfield code="0">(DE-627)105605727</subfield>
   <subfield code="0">(DE-576)209726091</subfield>
   <subfield code="2">gnd-content</subfield>
  </datafield>
  <datafield tag="689" ind1="0" ind2="0">
   <subfield code="d">g</subfield>
   <subfield code="0">(DE-588)4011882-4</subfield>
   <subfield code="0">(DE-627)104704861</subfield>
   <subfield code="0">(DE-576)208896155</subfield>
   <subfield code="a">Deutschland</subfield>
   <subfield code="2">gnd</subfield>
  </datafield>
  <datafield tag="689" ind1="0" ind2="1">
   <subfield code="d">s</subfield>
   <subfield code="0">(DE-588)4073883-8</subfield>
   <subfield code="0">(DE-627)104476257</subfield>
   <subfield code="0">(DE-576)209191740</subfield>
   <subfield code="a">Kunsthandwerk</subfield>
   <subfield code="2">gnd</subfield>
  </datafield>
  <datafield tag="689" ind1="0" ind2="2">
   <subfield code="a">z</subfield>
   <subfield code="2">gnd</subfield>
   <subfield code="a">Geschichte 1850-2000</subfield>
  </datafield>
  <datafield tag="689" ind1="0" ind2=" ">
   <subfield code="5">DE-101</subfield>
  </datafield>
  <datafield tag="700" ind1="1" ind2=" ">
   <subfield code="a">Hölz, Christoph</subfield>
   <subfield code="d">1962-</subfield>
   <subfield code="0">(DE-588)118134027</subfield>
   <subfield code="0">(DE-627)079263917</subfield>
   <subfield code="0">(DE-576)171934695</subfield>
   <subfield code="4">oth</subfield>
  </datafield>
  <datafield tag="710" ind1="2" ind2=" ">
   <subfield code="a">Zentralinstitut für Kunstgeschichte</subfield>
   <subfield code="e">Herausgebendes Organ</subfield>
   <subfield code="0">(DE-588)39027-6</subfield>
   <subfield code="0">(DE-627)10089108X</subfield>
   <subfield code="0">(DE-576)190362650</subfield>
   <subfield code="4">isb</subfield>
  </datafield>
  <datafield tag="710" ind1="2" ind2=" ">
   <subfield code="a">Bayerischer Kunstgewerbeverein</subfield>
   <subfield code="e">Herausgebendes Organ</subfield>
   <subfield code="0">(DE-588)25101-X</subfield>
   <subfield code="0">(DE-627)100646514</subfield>
   <subfield code="0">(DE-576)190288906</subfield>
   <subfield code="4">isb</subfield>
  </datafield>
  <datafield tag="710" ind1="2" ind2=" ">
   <subfield code="a">SiemensForum</subfield>
   <subfield code="g">München</subfield>
   <subfield code="0">(DE-588)2159132-5</subfield>
   <subfield code="0">(DE-627)216350425</subfield>
   <subfield code="0">(DE-576)195929713</subfield>
   <subfield code="4">oth</subfield>
  </datafield>
  <datafield tag="787" ind1="0" ind2="8">
   <subfield code="i">Rezensiert in</subfield>
   <subfield code="a">Hattendorff, Claudia, 1963 - </subfield>
   <subfield code="t">[Rezension von: Zentralinstitut für Kunstgeschichte / Bayerischer Kunstgewerbe-Verein (Hrsg.), Schön und gut]</subfield>
   <subfield code="d">2003</subfield>
   <subfield code="w">(DE-627)1920411828</subfield>
  </datafield>
  <datafield tag="810" ind1="2" ind2=" ">
   <subfield code="a">Bayerischer Kunstgewerbeverein</subfield>
   <subfield code="t">Schriftenreihe des Bayerischen Kunstgewerbe-Vereins e.V.</subfield>
   <subfield code="v">32</subfield>
   <subfield code="9">32</subfield>
   <subfield code="w">(DE-627)506788245</subfield>
   <subfield code="w">(DE-576)038295695</subfield>
   <subfield code="w">(DE-600)2220433-7</subfield>
   <subfield code="7">am</subfield>
  </datafield>
  <datafield tag="856" ind1="4" ind2="2">
   <subfield code="u">http://www.gbv.de/dms/weimar/toc/352652152_toc.pdf</subfield>
   <subfield code="m">V:DE-601</subfield>
   <subfield code="m">B:DE-Wim2</subfield>
   <subfield code="x">Verlag</subfield>
   <subfield code="y">Inhaltsverzeichnis</subfield>
   <subfield code="3">Inhaltsverzeichnis</subfield>
   <subfield code="7">1</subfield>
  </datafield>
  <datafield tag="856" ind1="4" ind2="2">
   <subfield code="u">https://swbplus.bsz-bw.de/bsz101394802rez.htm</subfield>
   <subfield code="m">V:DE-576</subfield>
   <subfield code="v">2005-08-19</subfield>
   <subfield code="3">Rezension</subfield>
   <subfield code="7">1</subfield>
  </datafield>
  <datafield tag="856" ind1="4" ind2="2">
   <subfield code="u">http://www.sehepunkte.de/2003/07/1743.html</subfield>
   <subfield code="m">V:DE-576;X:Sehepunkte</subfield>
   <subfield code="q">text/html</subfield>
   <subfield code="v">20180424113622</subfield>
   <subfield code="3">Rezension</subfield>
   <subfield code="7">1</subfield>
  </datafield>
  <datafield tag="856" ind1="4" ind2="2">
   <subfield code="u">https://scans.hebis.de/HEBCGI/show.pl?10655659_rez.pdf</subfield>
   <subfield code="m">V:DE-576</subfield>
   <subfield code="q">application/pdf</subfield>
   <subfield code="3">Rezension</subfield>
   <subfield code="7">1</subfield>
  </datafield>
  <datafield tag="856" ind1="4" ind2="2">
   <subfield code="u">https://scans.hebis.de/HEBCGI/show.pl?10655659_toc.pdf</subfield>
   <subfield code="m">V:DE-604</subfield>
   <subfield code="q">application/pdf</subfield>
   <subfield code="3">Inhaltsverzeichnis</subfield>
   <subfield code="7">1</subfield>
  </datafield>
  <datafield tag="889" ind1=" " ind2=" ">
   <subfield code="w">(DE-576)491577788</subfield>
  </datafield>
  <datafield tag="889" ind1=" " ind2=" ">
   <subfield code="w">(DE-627)720599334</subfield>
  </datafield>
  <datafield tag="935" ind1=" " ind2=" ">
   <subfield code="i">Blocktest</subfield>
  </datafield>
  <datafield tag="936" ind1="r" ind2="v">
   <subfield code="a">LH 78240</subfield>
   <subfield code="b">19. und 20. Jahrhundert, insgesamt</subfield>
   <subfield code="k">Kunstgeschichte</subfield>
   <subfield code="k">Allgemeines. Allgemeine Kunstgeschichte</subfield>
   <subfield code="k">Kunstgeschichte einzelner Gattungen der Kunst</subfield>
   <subfield code="k">Kunstgewerbe</subfield>
   <subfield code="k">Ordnung nach Epochen</subfield>
   <subfield code="k">19., 20. und 21. Jahrhundert</subfield>
   <subfield code="k">19. und 20. Jahrhundert, insgesamt</subfield>
   <subfield code="0">(DE-627)1270648829</subfield>
   <subfield code="0">(DE-625)rvk/95052:</subfield>
   <subfield code="0">(DE-576)200648829</subfield>
  </datafield>
  <datafield tag="936" ind1="r" ind2="v">
   <subfield code="a">LH 61220</subfield>
   <subfield code="b">Didaktik und Methodik des Kunstunterrichts (für verschiedene Schultypen; nur theoretische Unterweisung, kein künstlerisches Gestalten!)</subfield>
   <subfield code="k">Kunstgeschichte</subfield>
   <subfield code="k">Allgemeines. Allgemeine Kunstgeschichte</subfield>
   <subfield code="k">Theorie und Praxis der Bildenden Kunst</subfield>
   <subfield code="k">Kunsterziehung, Kunstbetrachtung</subfield>
   <subfield code="k">Didaktik und Methodik des Kunstunterrichts (für verschiedene Schultypen; nur theoretische Unterweisung, kein künstlerisches Gestalten!)</subfield>
   <subfield code="0">(DE-627)1271071940</subfield>
   <subfield code="0">(DE-625)rvk/94220:</subfield>
   <subfield code="0">(DE-576)201071940</subfield>
  </datafield>
  <datafield tag="936" ind1="r" ind2="v">
   <subfield code="a">LK 92320</subfield>
   <subfield code="b">20. Jahrhundert</subfield>
   <subfield code="k">Kunstgeschichte</subfield>
   <subfield code="k">Kunst nach Ländern bzw. Kontinenten</subfield>
   <subfield code="k">Deutschland</subfield>
   <subfield code="k">Deutsche Kunstgeschichte nach Gattungen</subfield>
   <subfield code="k">Kunstgewerbe</subfield>
   <subfield code="k">Ordnung nach Epochen</subfield>
   <subfield code="k">20. Jahrhundert</subfield>
   <subfield code="0">(DE-627)1270638378</subfield>
   <subfield code="0">(DE-625)rvk/98834:</subfield>
   <subfield code="0">(DE-576)200638378</subfield>
  </datafield>
  <datafield tag="936" ind1="r" ind2="v">
   <subfield code="a">LK 92310</subfield>
   <subfield code="b">19. Jahrhundert</subfield>
   <subfield code="k">Kunstgeschichte</subfield>
   <subfield code="k">Kunst nach Ländern bzw. Kontinenten</subfield>
   <subfield code="k">Deutschland</subfield>
   <subfield code="k">Deutsche Kunstgeschichte nach Gattungen</subfield>
   <subfield code="k">Kunstgewerbe</subfield>
   <subfield code="k">Ordnung nach Epochen</subfield>
   <subfield code="k">19. Jahrhundert</subfield>
   <subfield code="0">(DE-627)1271175819</subfield>
   <subfield code="0">(DE-625)rvk/98833:</subfield>
   <subfield code="0">(DE-576)201175819</subfield>
  </datafield>
  <datafield tag="936" ind1="r" ind2="v">
   <subfield code="a">LH 46170</subfield>
   <subfield code="b">München</subfield>
   <subfield code="k">Kunstgeschichte</subfield>
   <subfield code="k">Allgemeines. Allgemeine Kunstgeschichte</subfield>
   <subfield code="k">Ausstellungswesen, Ausstellungskataloge</subfield>
   <subfield code="k">Ausstellungskataloge</subfield>
   <subfield code="k">Orte M</subfield>
   <subfield code="k">München</subfield>
   <subfield code="0">(DE-627)1270651137</subfield>
   <subfield code="0">(DE-625)rvk/93609:</subfield>
   <subfield code="0">(DE-576)200651137</subfield>
  </datafield>
  <datafield tag="936" ind1="b" ind2="k">
   <subfield code="a">21.82</subfield>
   <subfield code="j">Industriedesign</subfield>
   <subfield code="0">(DE-627)106421298</subfield>
  </datafield>
  <datafield tag="936" ind1="b" ind2="k">
   <subfield code="a">21.81</subfield>
   <subfield code="j">Geschichte des Kunsthandwerks und Kunstgewerbes</subfield>
   <subfield code="0">(DE-627)106422073</subfield>
  </datafield>
  <datafield tag="936" ind1="s" ind2="n">
   <subfield code="a">l300</subfield>
   <subfield code="2">mzub</subfield>
  </datafield>
  <datafield tag="951" ind1=" " ind2=" ">
   <subfield code="a">BO</subfield>
  </datafield>
  <datafield tag="990" ind1=" " ind2=" ">
   <subfield code="a">Deutschland</subfield>
  </datafield>
  <datafield tag="990" ind1=" " ind2=" ">
   <subfield code="a">Kunsthandwerk</subfield>
  </datafield>
  <datafield tag="990" ind1=" " ind2=" ">
   <subfield code="a">Geschichte 1850-2000</subfield>
  </datafield>
  <datafield tag="991" ind1=" " ind2=" ">
   <subfield code="a">Rezensiertes Werk</subfield>
  </datafield>
  <datafield tag="999" ind1=" " ind2=" ">
   <subfield code="a">KXP-PPN352652152</subfield>
   <subfield code="e">4964326632</subfield>
  </datafield>
 </record>
</collection>
